New joint approach over contaminated land reuse (Record no. 67191)

MARC details
000 -LEADER
fixed length control field 01001cam a2200205 4500
001 - CONTROL NUMBER
control field WB3721-06
008 - FIXED-LENGTH DATA ELEMENTS--GENERAL INFORMATION
fixed length control field 000000n2001 000 0 eng u
035 ## - SYSTEM CONTROL NUMBER
System control number (Sirsi) u112873
245 ## - TITLE STATEMENT
Title New joint approach over contaminated land reuse
260 ## - PUBLICATION, DISTRIBUTION, ETC.
Date of publication, distribution, etc. 2001
490 ## - SERIES STATEMENT
Series statement Urban Environment Today
Volume/sequential designation (122) 24 May 2001, 2(1)
520 ## - SUMMARY, ETC.
Summary, etc. The Environment Agency and local authorities should work more closely together to manage the reuse of contaminated land according to a new framework agreed with the Local Government Association. This would help establish good practice between the councils and the Environment Agency where communication is not at present taking place. The Land Contamination Protocol is on the LGA website at http://www.lga.gov.uk/lga/publicprotection/environment
590 ## - LOCAL NOTE (RLIN)
Local note WB
650 ## - SUBJECT ADDED ENTRY--TOPICAL TERM
Topical term or geographic name entry element LOCAL AUTHORITIES
650 ## - SUBJECT ADDED ENTRY--TOPICAL TERM
Topical term or geographic name entry element CONTAMINATED LAND
650 ## - SUBJECT ADDED ENTRY--TOPICAL TERM
Topical term or geographic name entry element ENVIRONMENT AGENCY
650 ## - SUBJECT ADDED ENTRY--TOPICAL TERM
Topical term or geographic name entry element LAND CONTAMINATION PROTOCOL
690 ## - LOCAL SUBJECT ADDED ENTRY--TOPICAL TERM (OCLC, RLIN)
Topical term or geographic name as entry element ENVIRONMENT-CONTAMINATION
942 ## - ADDED ENTRY ELEMENTS (KOHA)
Suppress in OPAC 0
Holdings
Withdrawn status Lost status Source of classification or shelving scheme Damaged status Not for loan Home library Current library Shelving location Date acquired Total Checkouts Full call number Barcode Date last seen Copy number Price effective from Koha item type
    Dewey Decimal Classification     London London News article 31/05/2001   WB3721-06 112873-1001 06/08/2019 1 06/08/2019 News article